00654nam a2200277Ia 4500003000400000005001700004008004000021020001500061040000700076041000800083082001600091100002000107245003700127250000600164260004700170300001400217650001400231650001300245650002300258650001700281650001700298650001400315650001200329650001400341700002100355OSt20250829164049.0210210b2005 xxu||||| |||| 00| 0 eng d a0071112715 cAL aeng a616.96 ROBF aLarry S Roberts aFoundations of parasitology Ed 7 a7 aBostonbMcGraw-Hill Higher Educationc2005 axvii,702p atapeworms aprotozoa aphylum apicomplexa apentastomida aparasitology anematodes amyxozoa aciliphora aJanovy John Ed 7